00395nam a22001577a 450000500170000001000150001702000260003203500140005803700090007208200100008124500430009126000390013427000410017330000200021470000030023420240527151726.0 aENG-140509 a9788195857630c400.00 aEN-124041 bDBAD a069.7 aA Conservation Journey Piece by Piece/ aMumbaibSabyasachi Mukherjeec2023 bMumbaia159-161, M.G, Road, e400023 a195p.c25cm(hb)